01127nam a22003135a 4500999001700000003000900017005001700026008004100043020001800084040004300102082001900145100004300164245005200207264005600259300003000315336002600345337002800371338002700399490002000426504005100446590004500497650001900542650002500561651001000586653004000596655002400636942001200660952014100672 c22737d22709EG-ScBUE20210504100206.0161020s2013 enk f b 001 0 eng d a9780230349131 aEG-ScBUEbengerdacEG-ScBUEdEG-ScBUE04a821.8bSTE2221 aSteinberg, Gillian,‏d1973-eauthor.10aThomas Hardy :bthe poems /cGillian Steinberg. 1aHampshire ;aNew York :bPalgrave Macmillan,c2013. axiii, 239 pages ;c22 cm. 2rdacontentatextbtxt 2rdamediaaunmediatedbn 2rdacarrieravolumebnc0 aAnalysing texts aIncludes bibliographical references and index. aSuzan Ashmawy and revised by Rahma Essa. 7aPoetry.2BUEsh 7aPoetic works.2BUEsh 2BUEsh bHHUUEENNcOctober2016cNovember2016 vReading book934232 2ddccBB 00102ddc40708AcademicaMAINbMAINc2NDd2016-10-20ePurchaseg204.00h9118l0o821.8 STEp000045155r2025-07-15 00:00:00v255.00yBB